000 00319nam a22001337a 4500
003 SGT
020 _a9789350007235
082 _a080
_bM11T
100 _aथानवी, ओम
245 _aमुअनजोदड़ो
260 _bवाणी प्रकाशन
_c2011
300 _a118
942 _2ddc
_cBK
999 _c31553
_d31553